[Event "Leon op"]
[Site "Leon"]
[Date "1998.??.??"]
[Round "6"]
[White "Gonzalez de la Nava, Amador"]
[Black "Galego, Luis"]
[Result "0-1"]
[WhiteElo "2365"]
[BlackElo "2445"]

1.d4 Nf6 2.Bg5 e6 3.e4 d6 4.Nc3 h6 5.Bxf6 Qxf6 6.Qd2 g5 7.O-O-O Bg7 8.g3 Nc6
9.Nb5 Qd8 10.Ne2 a6 11.Nbc3 e5 12.d5 Ne7 13.f4 exf4 14.gxf4 Ng6 15.Rg1 Bd7
16.Kb1 Qe7 17.f5 Ne5 18.Nd4 Qf6 19.Be2 b5 20.Bh5 Nc4 21.Qe2 Kd8 22.Rgf1 Kc8
23.Qd3 Re8 24.Nce2 Re7 25.c3 Ne5 26.Qg3 Be8 27.Ne6 Bh8 28.Nf8 Nd7 29.Nh7 Qe5
30.Qxe5 Rxe5 31.Ng3 Nf6 32.Nxf6 Bxf6 33.Bf3 Bd7 34.Bh5 Be8 35.Rfe1 Re7 36.Bg4 Bd7
37.Kc2 Be5 38.Kd3 f6 39.Bh5 Rb8 40.b3 c6 41.dxc6 Bxc6 42.Bf3 Kb7 43.Nf1 Rc8
44.Ne3 Bxh2 45.Rh1 Be5 46.Rxh6 Bxc3 47.Kxc3 Bxe4+ 48.Kd4 Bxf3 49.Rf1 g4 50.Rxf6 Rce8
51.Nd5 Re4+ 52.Kc3 b4+ 53.Nxb4 Rc8+  0-1

[Event "PER-ch sf"]
[Site "Lima"]
[Date "1998.??.??"]
[Round "11"]
[White "Pacheco Asmat, Jorge"]
[Black "Cruz, Filemon"]
[Result "1/2-1/2"]
[WhiteElo "2370"]
[BlackElo "2365"]

1.d4 Nf6 2.Bg5 e6 3.e4 d5 4.e5 h6 5.Be3 Nfd7 6.c3 c5 7.Nf3 Nc6 8.Be2 Be7
9.O-O a6 10.Nbd2 b5  1/2-1/2

[Event "RUS-Cup02"]
[Site "Moscow"]
[Date "1998.??.??"]
[Round "5"]
[White "Chepukaitis, Genrikh"]
[Black "Ariskin, Alexey"]
[Result "1-0"]
[WhiteElo "2420"]
[BlackElo "2335"]

1.d4 Nf6 2.Bg5 e6 3.Nd2 d5 4.e3 c5 5.c3 Nc6 6.f4 Qb6 7.Rb1 Be7 8.Bd3 Bd7
9.Ngf3 O-O 10.Bxf6 Bxf6 11.h4 Be7 12.Qe2 f6 13.a3 e5 14.e4 c4 15.Bc2 exd4
16.exd5 d3 17.Nxc4 dxc2 18.Rc1 Qc7 19.dxc6 Bxc6 20.Nd4 Qxf4 21.Rxc2 Rfe8
22.Kd1 Bc5 23.Qf2 Qg4+ 24.Kc1 Bxd4 25.cxd4 Ba4 26.Rc3 Re2 27.Qf3 Qxg2 28.Qxg2 Rxg2
29.Ne3 Rg3 30.d5 Rd8 31.b3 Be8 32.Rd1 f5 33.Rd4 h6 34.Kd2 Bd7 35.Rc7 g5 36.d6 Rxe3
37.Kxe3 Bc6 38.Re7 f4+ 39.Kf2 Kf8 40.Rh7 gxh4  1-0

[Event "South Wales 1st"]
[Site "Newport"]
[Date "1998.??.??"]
[Round "1"]
[White "Vigus, James"]
[Black "Dyce, Andrew"]
[Result "1-0"]
[WhiteElo "2260"]
[BlackElo "2230"]

1.d4 Nf6 2.Bg5 e6 3.e4 h6 4.Bxf6 Qxf6 5.c3 d6 6.Bd3 Nd7 7.Ne2 e5 8.O-O g5
9.Na3 Be7 10.Nc4 c6 11.Ng3 h5 12.Be2 b5 13.Ne3 g4 14.d5 Qg5 15.dxc6 Nf6 16.Qd3 h4
17.Ngf5 g3 18.fxg3 hxg3 19.h3 d5 20.Nxe7 dxe4 21.Qd2 Bxh3 22.gxh3 Rxh3 23.Bxb5 g2
24.c7+ Kf8 25.Qd8+ Ne8 26.Rxf7+ Kxf7 27.Bxe8+  1-0

[Event "RUS-Cup"]
[Site "Omsk/Perm"]
[Date "1998.??.??"]
[Round "6"]
[White "Landa, Konstantin"]
[Black "Shchekachev, Andrei"]
[Result "1/2-1/2"]
[WhiteElo "2505"]
[BlackElo "2565"]

1.d4 Nf6 2.Bg5 e6 3.Nd2 h6 4.Bh4 c5 5.e3 cxd4 6.exd4 Be7 7.Ngf3 b6 8.Bd3 Bb7
9.O-O O-O 10.c3 d6 11.Bxf6  1/2-1/2

[Event "Atom Cup IM 3rd"]
[Site "Paks"]
[Date "1998.??.??"]
[Round "1"]
[White "Brumen, Dinko"]
[Black "Senff, Martin"]
[Result "1-0"]
[WhiteElo "2355"]
[BlackElo "2395"]

1.d4 Nf6 2.Bg5 e6 3.e4 h6 4.Bxf6 Qxf6 5.Nc3 Bb4 6.e5 Qe7 7.Qg4 O-O 8.a3 Bxc3+
9.bxc3 d6 10.f4 f5 11.Qh3 dxe5 12.fxe5 c5 13.Nf3 cxd4 14.cxd4 Qc7 15.O-O-O Bd7
16.Bd3 Qc3 17.g4 Nc6 18.gxf5 Nxd4 19.Nxd4 Qa1+ 20.Kd2 Qxd4 21.Qe3 Qd5 22.f6 Qa5+
23.Ke2 Be8 24.Rdg1 Bh5+ 25.Kf1 Qc7 26.Qe4  1-0

[Event "HUN-ch U18 Girls"]
[Site "Paks"]
[Date "1998.??.??"]
[Round "6"]
[White "Rapcsak, Andrea"]
[Black "Decsey, Katalin"]
[Result "1/2-1/2"]
[WhiteElo "2060"]
[BlackElo "2190"]

1.d4 Nf6 2.Bg5 e6 3.e4 Be7 4.Bd3 h6 5.Bxf6 Bxf6 6.e5 Be7 7.f4 d5 8.Ne2 b6
9.O-O Ba6 10.f5 Bxd3 11.Qxd3 exf5 12.Qxf5 O-O 13.Nf4 Bg5 14.Nc3 c6 15.Nce2 Na6
16.g3 Qc8 17.Qd3 Nc7 18.h4 Bxf4 19.Nxf4 Qg4 20.Qf3  1/2-1/2

[Event "Paris"]
[Site "Paris"]
[Date "1998.??.??"]
[Round "1"]
[White "Large, Laurent"]
[Black "Abergel, Thal"]
[Result "1/2-1/2"]
[WhiteElo "2245"]
[BlackElo "2125"]

1.d4 Nf6 2.Bg5 e6 3.Nd2 d5 4.e3 c5 5.c3 Nbd7 6.Ngf3 Be7 7.Bd3 O-O 8.O-O b6
9.e4 Bb7 10.e5 Ne4 11.Bxe7 Qxe7 12.Re1 f5 13.exf6 Ndxf6 14.Qe2 Rad8 15.Rac1 Kh8
16.Bb1 Qd6 17.Ne5 Nxd2 18.Qxd2 Ne4 19.Qe3 Rc8 20.f3 Nf6 21.Qf4 Qc7 22.Qh4 Kg8
23.Ng4 cxd4 24.Rxe6 dxc3 25.Rxc3 Qd7 26.Rxf6 gxf6 27.Nxf6+ Rxf6 28.Qxf6 Rxc3
29.bxc3 Bc8 30.Bc2 Qe6 31.Qg5+ Kh8 32.Kf2 Qd6 33.Qe3 Be6 34.Qd4+ Kg8 35.f4 Qc5
36.Ke3 h6 37.f5 Bf7 38.g3 Qe7+ 39.Kf2 Qc5 40.Ke3 Qe7+ 41.Kf4 Qg5+ 42.Ke5 Qe7+
43.Kf4 Qg5+  1/2-1/2

[Event "Regensburg op"]
[Site "Regensburg"]
[Date "1998.??.??"]
[Round "3"]
[White "Stiller, Juergen"]
[Black "Froehlich, Peter"]
[Result "0-1"]
[WhiteElo "2175"]
[BlackElo "2270"]

1.d4 Nf6 2.Bg5 e6 3.e3 Be7 4.Nd2 b6 5.Ngf3 O-O 6.Bd3 Bb7 7.O-O h6 8.Bh4 d6
9.c4 Nbd7 10.Rc1 c5 11.Bb1 cxd4 12.Nxd4 a6 13.e4 Re8 14.Qe2 Qc7 15.Bg3 Bf8
16.Rfd1 Rac8 17.N2b3 Qb8 18.a4 Ba8 19.f3 Nc5 20.a5 Nxb3 21.Nxb3 bxa5 22.Nd4 g6
23.Qd2 Qb4 24.Be1 Qxd2 25.Bxd2 a4 26.Kf1 Nd7 27.Ba2 Rb8 28.b4 axb3 29.Nxb3 Rec8
30.Bf4 e5 31.Be3 Rb4 32.c5 Nxc5 33.Nxc5 dxc5 34.Rd7 c4 35.Ra7 Ra4 36.Rc2 Bc6
37.Ke2 Bb5 38.Kf2 Ra3 39.g3  0-1

[Event "Regensburg op"]
[Site "Regensburg"]
[Date "1998.??.??"]
[Round "5"]
[White "Teske, Henrik"]
[Black "Froehlich, Peter"]
[Result "1/2-1/2"]
[WhiteElo "2475"]
[BlackElo "2270"]

1.d4 Nf6 2.Bg5 e6 3.Nf3 h6 4.Bh4 b6 5.e3 Bb7 6.Nbd2 Be7 7.Bd3 O-O 8.Qe2 d5
9.Ne5 Nc6 10.Nxc6 Bxc6 11.f3 Nd7 12.Bg3 Bd6 13.Bxd6 cxd6 14.O-O e5 15.c3 Nf6
16.Rae1 Qd7 17.Rf2 Rae8 18.Qd1 Re7 19.Nf1 Bb5 20.Bc2 Rfe8 21.Qd2 Bxf1 22.Rfxf1 Qc6
23.Rf2 exd4 24.cxd4 Rc8 25.Bf5 Rcc7 26.Bd3 a5 27.Qd1 b5 28.a3 b4 29.axb4 axb4
30.Qb3 Qb6 31.Rc2 Rxc2 32.Bxc2 Ra7 33.Rc1 g6 34.Bd3 Kg7 35.Kf2 Ra8 36.g4 Rb8
37.Qc2 Ra8 38.Qb3 Rb8 39.Qa4 Qd8 40.Qc2 Ra8 41.Qd2 Nh7 42.Kg3 h5 43.h3 Qe7
44.Re1 Rh8 45.Bf1 hxg4 46.hxg4 f5 47.gxf5 Qg5+ 48.Kf2 Nf6 49.Bg2 Rh2 50.Kg1 Qg3
51.Ra1 Rh5 52.fxg6 Qh2+ 53.Kf1 Rf5 54.Ra7+ Kxg6 55.Qxb4 Ne4 56.f4 Ng3+ 57.Kf2 Ne4+
58.Kf1 Ng3+  1/2-1/2

[Event "Regensburg op"]
[Site "Regensburg"]
[Date "1998.??.??"]
[Round "5"]
[White "Eiber, Manfred"]
[Black "David, Gundula"]
[Result "1/2-1/2"]
[WhiteElo "2265"]
[BlackElo "2070"]

1.d4 Nf6 2.Bg5 e6 3.e3 Be7 4.Bd3 d6 5.f4 Nd5 6.Bxe7 Qxe7 7.Qe2 e5 8.Bc4 Nf6
9.Nf3 Bg4 10.fxe5 dxe5 11.h3 Bxf3 12.gxf3 Nh5 13.Rg1 exd4 14.exd4 Qxe2+ 15.Bxe2 O-O
16.Nd2 Nc6 17.c3 Nf4 18.Bf1 Rae8+ 19.Kf2 f5 20.Re1 Rxe1 21.Bc4+ Kh8 22.Rxe1 Nxh3+
23.Kg3 Ng5 24.f4 Ne4+ 25.Nxe4 Re8 26.Kf3 g6 27.Re2 fxe4+ 28.Rxe4 Rxe4 29.Kxe4 Kg7
30.d5 Nd8 31.Ke5 h5 32.Bf1 Kf7 33.d6 cxd6+ 34.Kxd6 Kf6 35.Bh3 b6 36.c4 Nb7+
37.Kc7 Nc5 38.Kb8 Nd3 39.Kxa7 Nxb2 40.Kxb6 Nxc4+ 41.Kb5 Nb2  1/2-1/2

[Event "Regensburg op"]
[Site "Regensburg"]
[Date "1998.??.??"]
[Round "7"]
[White "Stiller, Juergen"]
[Black "Speckner, Roland"]
[Result "0-1"]
[WhiteElo "2175"]
[BlackElo "2335"]

1.d4 Nf6 2.Bg5 e6 3.e3 c5 4.c3 b6 5.Nd2 Be7 6.Ngf3 O-O 7.Bd3 Nc6 8.Ne5 cxd4
9.exd4 Bb7 10.O-O Qc7 11.Qe2 d6 12.Nxc6 Bxc6 13.f4 Rae8 14.Rae1 Qb7 15.Qf2 Nd5
16.Qh4 f5 17.Rf3 Bxg5 18.Qxg5 Rf6 19.Rg3 Rg6 20.Qh4 Rxg3 21.Qxg3 Nf6 22.Nc4 Qd7
23.Nd2 b5 24.Re2 a6 25.Qe1 Kf7 26.h3 h6 27.Kh2 Rg8 28.g3 Bb7 29.Bc2 g5 30.Bb3 Bd5
31.Bxd5 Nxd5 32.Qf2 gxf4 33.gxf4 Qe7 34.Re1 Qf6 35.Rf1 Qg6 36.Nf3 Qh5 37.Nh4 Nf6
38.Rg1 Rxg1 39.Kxg1 Qd1+ 40.Kh2 Ne4 41.Qg2 Qc1 42.Qg6+ Ke7 43.Nxf5+ Kd8 44.Qxe6 Qxf4+
45.Kg2 Qf2+ 46.Kh1 Qxf5  0-1

[Event "BRA-ch"]
[Site "Rio de Janeiro"]
[Date "1998.??.??"]
[Round "3"]
[White "Dos Santos, Francisco Jose"]
[Black "Guimaraes, Wagner Peixoto"]
[Result "1/2-1/2"]
[WhiteElo "2185"]
[BlackElo "2260"]

1.d4 Nf6 2.Bg5 e6 3.Nd2 h6 4.Bh4 Be7 5.e4 d5 6.e5 Nfd7 7.Bxe7 Qxe7 8.c3 c5
9.Ne2 cxd4 10.cxd4 Nc6 11.Nf3 Qb4+ 12.Qd2 Qxd2+ 13.Kxd2 Ke7 14.h4 Nb6 15.Nf4 Bd7
16.h5 Rhc8 17.b3 a5 18.a4 Nb4 19.Bd3 Rc7 20.Rac1 Rac8 21.Bb1 Rxc1 22.Rxc1 Rxc1
23.Kxc1 Nc8 24.Nd3 Nxd3+ 25.Bxd3 f6 26.Nh4 Na7 27.Kd2 Nc6 28.Ng6+ Kd8 29.Ke3 Be8
30.Nf4 Ke7 31.exf6+ gxf6 32.g4 Bf7 33.Bb1 Kd6 34.Ne2 Ke7 35.Ng3 Kf8 36.f4 Kg7
37.Ne2 f5 38.gxf5 Bxh5 39.Ng3 Bg4 40.fxe6 Bxe6 41.Nh5+ Kf8 42.f5 Bf7 43.Ng3 Kg7
44.Ne2 Kf6 45.Kf4 Bh5 46.Nc3 Bf7  1/2-1/2

[Event "SWE-ch"]
[Site "Ronneby"]
[Date "1998.??.??"]
[Round "5"]
[White "Hall, Jesper"]
[Black "Wahlbom, Magnus"]
[Result "1-0"]
[WhiteElo "2460"]
[BlackElo "2310"]

1.d4 Nf6 2.Bg5 e6 3.e4 h6 4.Bxf6 Qxf6 5.Nc3 d6 6.Qd2 Nd7 7.O-O-O Nb6 8.f4 Qd8
9.Nf3 Be7 10.Kb1 d5 11.Bd3 a6 12.Rhe1 dxe4 13.Nxe4 Nd5 14.g4 Kf8 15.g5 g6
16.gxh6 Kg8 17.Neg5 Rxh6 18.Ne5 Bxg5 19.fxg5 Rh7 20.c4 Nb6 21.Ng4 Kg7 22.Qf4 Rh4
23.Rf1  1-0

[Event "ESP-chT"]
[Site "Salamanca"]
[Date "1998.??.??"]
[Round "3"]
[White "Pomes Marcet, Juan"]
[Black "Corral Blanco, Juan A"]
[Result "0-1"]
[WhiteElo "2395"]
[BlackElo "2440"]

1.d4 Nf6 2.Bg5 e6 3.e4 h6 4.Bxf6 Qxf6 5.Nc3 Qd8 6.Qd2 d5 7.Nf3 Bb4 8.Bd3 dxe4
9.Bxe4 Nd7 10.a3 Bd6 11.Nb5 a6 12.Nxd6+ cxd6 13.c4 O-O 14.O-O Nf6 15.Bd3 b6
16.Rfe1 Bb7 17.Qf4 Rc8 18.Rad1 d5 19.Ne5 dxc4 20.Bxc4 Nd5 21.Qg4 Rc7 22.Bd3 Qg5
23.Qxg5 hxg5 24.Be4 Rfc8 25.g3 f6 26.Nd3 Kf7 27.Re2 a5 28.Red2 Rc4 29.Ne1 R8c7
30.Nc2 Nc3 31.bxc3 Bxe4 32.Ne3 Rxc3 33.d5 Bf3 34.dxe6+ Kxe6 35.Rd6+ Kf7 36.Re1 b5
37.Rb6 Rb7 38.Ra6 Rxa3 39.Nf5 Kg6 40.Nd4 a4 41.Ra5 Rd3 42.Nxf3 Rxf3 43.Rb1 Rb3
44.Rxb3 axb3 45.Ra3 Kf5 46.Rxb3 Ke4 47.Kf1 Kd4  0-1

[Event "ESP-chT"]
[Site "Salamanca"]
[Date "1998.??.??"]
[Round "5"]
[White "Pomes Marcet, Juan"]
[Black "Garcia Ilundain, David"]
[Result "1/2-1/2"]
[WhiteElo "2395"]
[BlackElo "2485"]

1.d4 Nf6 2.Bg5 e6 3.e4 h6 4.Bxf6 Qxf6 5.Nc3 d6 6.Qd2 g5 7.h4 g4 8.h5 a6 9.O-O-O Nc6
10.f4 gxf3 11.Nxf3 Bd7 12.e5 dxe5 13.dxe5 Qe7 14.Ne4 O-O-O 15.Qf4 Bg7 16.Bc4 Kb8
17.a3 Bc8 18.g4 b6 19.Rxd8 Rxd8 20.Rd1 Rxd1+ 21.Kxd1 Bb7 22.Bd3 Ka7 23.c3 Qf8
24.Kc2 Ne7 25.c4 Qe8 26.b3 Qf8 27.b4 Qe8 28.Kb3 Qd7 29.Bc2 Nc6 30.Nc3 Qe7
31.Be4 Qd7 32.Bc2 Qe7 33.Be4 Kb8 34.Bc2 a5 35.b5 Bf8 36.Nb1 a4+ 37.Kc3 Na5
38.Be4 Bg7 39.Bxb7 Kxb7 40.Qe4+ Ka7 41.Kd3 Nb3 42.Ke2 Kb8  1/2-1/2

[Event "Balazs mem op"]
[Site "Salgotarjan"]
[Date "1998.??.??"]
[Round "1"]
[White "Tajti, Janos Sandor"]
[Black "Petran, Pal"]
[Result "1/2-1/2"]
[WhiteElo "2130"]
[BlackElo "2395"]

1.d4 Nf6 2.Bg5 e6 3.e4 h6 4.Bxf6 Qxf6 5.Nf3 d6 6.Nc3 Nd7 7.Qd2 c6 8.Bd3 e5
9.dxe5 dxe5 10.O-O-O Nb6 11.Nb5 Bd6 12.Be2 Bb8 13.Nd6+ Bxd6 14.Qxd6 Qxd6
15.Rxd6 Bg4 16.b3 a5 17.Rhd1 Nd7 18.Nd4 Bxe2 19.Nxe2 Nc5 20.f3 Ke7 21.Ng3 g6
22.Nf1 Rhd8 23.Rxd8 Rxd8 24.Rxd8 Kxd8 25.Ne3 Nd7 26.Nc4 b6 27.Kd2 Ke7 28.h4 h5
29.Ke3 Ke6 30.g3  1/2-1/2

[Event "Balazs mem op"]
[Site "Salgotarjan"]
[Date "1998.??.??"]
[Round "7"]
[White "Tajti, Janos Sandor"]
[Black "Szurovszky, Elek"]
[Result "1-0"]
[WhiteElo "2130"]
[BlackElo "2195"]

1.d4 Nf6 2.Bg5 e6 3.e4 Be7 4.Bxf6 Bxf6 5.e5 Be7 6.Qg4 g6 7.Nd2 d5 8.Bd3 c5
9.c3 Qb6 10.Rb1 Nc6 11.Ngf3 cxd4 12.cxd4 Nb4 13.Be2 Nxa2 14.O-O Nb4 15.Qf4 Nc6
16.Rfd1 Bd7 17.Nf1 h5 18.Rd3 a5 19.h4 Nb4 20.Rd2 Rc8 21.Ne3 Qd8 22.Ng5 Bxg5
23.hxg5 Nc6 24.Qh4 Qb6 25.Rbd1 Ke7 26.Qf4 Rcg8 27.Qf6+ Ke8 28.Rc2 Qd8 29.Qf4 Qe7
30.Bb5 Kf8 31.Rc5 Kg7 32.Bxc6 bxc6 33.Rxa5 Rb8 34.Ra7 Rhd8 35.Qf6+ Qxf6 36.exf6+ Kg8
37.Rd2 Be8 38.g4 h4 39.Ng2 Rb4 40.Nxh4 e5 41.Nf3 exd4 42.Ne5 c5 43.f4 d3
44.Nxg6 Re4 45.Ne7+ Kf8 46.Rxd3 Re1+ 47.Kf2 Rh1 48.Rxd5 Rb8 49.Rxc5 Rxb2+
50.Ke3 Rb4 51.Nd5 Rh3+ 52.Kd2 Rb2+ 53.Kc1 Re2 54.Rc2 Re1+ 55.Kb2 Rf3 56.Ra8 Re4
57.Nc7 Rfxf4 58.Nxe8 Rxe8 59.Rcc8 Re4 60.Kc3 Rxc8+ 61.Rxc8+ Re8 62.Rxe8+ Kxe8
63.Kd4 Kf8 64.Kd5 Kg8 65.Kd6  1-0

[Event "San Jose op"]
[Site "San Jose"]
[Date "1998.??.??"]
[Round "2"]
[White "Argueso, M."]
[Black "Lorente Latorre, Antonio"]
[Result "0-1"]
[WhiteElo "2090"]
[BlackElo "1895"]

1.d4 Nf6 2.Bg5 e6 3.e4 Be7 4.Bxf6 Bxf6 5.Nf3 d5 6.e5 Be7 7.Bd3 c5 8.c3 c4
9.Bc2 h6 10.O-O O-O 11.a4 a6 12.b3 f5 13.bxc4 dxc4 14.Nfd2 Qd5 15.Qf3 Nc6
16.Qxd5 exd5 17.f4 Na5 18.Na3 Bd7 19.Bd1 g5 20.g3 g4 21.Nc2 h5 22.Ne3 Be6
23.Rb1 Rab8 24.Rb6 Nc6 25.Bc2 Bd8 26.Rb2 Ba5 27.Nb1 Ne7 28.Rc1 Ng6 29.Kg2 h4
30.Nxg4 Nxf4+ 31.gxf4 fxg4 32.Rf1 Bf5 33.Bxf5 Rxf5 34.h3 g3 35.Kf3 Kf7 36.Kg4 Ke6
37.Kxh4 Rg8 38.Rg2 Bd8+  0-1

[Event "ECI IMJ 25th"]
[Site "Sas Van Gent"]
[Date "1998.??.??"]
[Round "7"]
[White "Berend, Fred"]
[Black "Goormachtigh, Johan"]
[Result "1/2-1/2"]
[WhiteElo "2355"]
[BlackElo "2280"]

1.d4 Nf6 2.Bg5 e6 3.Nd2 d5 4.e3 c5 5.c3 Nc6 6.Bd3 Bd6 7.Qf3 h6 8.Bh4 Bd7
9.Bg3 e5 10.Qe2 e4 11.Bxd6 Bg4 12.Qf1 Qxd6 13.dxc5 Qxc5 14.Bc2 O-O 15.Nb3 Qb6
16.h3 Bh5 17.a4 Nb4 18.Kd2 Nd3 19.Ra2 Bg6 20.a5 Qc7 21.Ne2 Ne5 22.Kc1 Rac8
23.Nf4 a6 24.Qe2 Bh7 25.Rd1 Rfd8 26.Kb1 Nc4 27.Rd4 Bf5 28.Ra4 Nxb2 29.Kxb2 Qxc3+
30.Kb1 g5 31.g4 Bd7 32.Nh5 Nxh5 33.gxh5 Bxa4 34.Rxa4 Rc4 35.Qd2 Qxd2 36.Nxd2 Rxa4
37.Bxa4 d4 38.Nxe4 dxe3 39.fxe3 Rd3 40.Bd7 Rxe3 41.Nc5 Ra3 42.Kb2 Rxa5 43.Nxb7 Rd5
44.Bc8 Kg7 45.Kc3 Kf6 46.Kc4 Ke5 47.Nc5 Rd4+ 48.Kc3 Rd1 49.Nd3+ Kd6 50.Bxa6 f5
51.Bc8 Rf1 52.Bb7  1/2-1/2

[Event "Staufer op 10th"]
[Site "Schwaebisch Gmuend"]
[Date "1998.??.??"]
[Round "3"]
[White "Huber, Philipp"]
[Black "Ksieski, Zbigniew"]
[Result "0-1"]
[WhiteElo "2105"]
[BlackElo "2410"]

1.d4 Nf6 2.Bg5 e6 3.e4 h6 4.Bxf6 Qxf6 5.Nc3 d6 6.Qd2 a6 7.f4 g5 8.f5 Bg7
9.O-O-O exf5 10.Nd5 Qd8 11.exf5 Bxf5 12.Qe3+ Be6 13.Nxc7+ Qxc7 14.d5 Be5  0-1

[Event "Staufer op 10th"]
[Site "Schwaebisch Gmuend"]
[Date "1998.??.??"]
[Round "5"]
[White "Bunk, Karsten"]
[Black "Lerner, Konstantin Z"]
[Result "0-1"]
[WhiteElo "2170"]
[BlackElo "2575"]

1.d4 Nf6 2.Bg5 e6 3.e4 h6 4.Bxf6 Qxf6 5.Nc3 d6 6.Qd2 a6 7.O-O-O Nd7 8.f4 g5
9.g3 Qe7 10.h4 gxf4 11.gxf4 Nb6 12.Nf3 Bd7 13.Bd3 O-O-O 14.h5 Kb8 15.Qh2 Rc8
16.Rhg1 c5 17.d5 exd5 18.exd5 c4 19.Rde1 Qd8 20.Bf1 Be7 21.Rd1 Bf6 22.Ne4 Na4
23.c3 Be7 24.Nd4 Nc5 25.Ng3 Na4 26.Ne4 Qa5 27.Bg2 Nb6 28.f5 Qxa2 29.f6 Bd8
30.Qxd6+ Bc7 31.Qb4 Bf4+ 32.Nd2 Qa1+ 33.Kc2 Ba4+ 34.b3 Qa2+ 35.Kc1 cxb3 36.Nc6+ Rxc6
37.Qxf4+ Ka7  0-1

[Event "SVK-chT1W 9798"]
[Site "SVK"]
[Date "1998.??.??"]
[Round "?"]
[White "Surovcik, Eugen"]
[Black "Sabik, Robert"]
[Result "1/2-1/2"]
[WhiteElo "1780"]
[BlackElo "2030"]

1.d4 Nf6 2.Bg5 e6 3.Nf3 Be7 4.e3 b6 5.Bd3 Bb7 6.c3 c5 7.Nbd2 Nc6 8.Qe2 O-O
9.O-O d6 10.Rad1 Nd5 11.Bxe7 Qxe7 12.Bc2 Rac8 13.dxc5 bxc5 14.Qd3 Nf6 15.Ng5 Ne5
16.Qe2 d5 17.f4 Ned7 18.Ndf3 h6 19.Nh3 Rc6 20.Bd3 Rb6 21.g4 Nxg4 22.Nf2 Ngf6
23.h3 e5 24.fxe5 Nxe5 25.Rd2 Nxd3 26.Nxd3 Ne4 27.Kh2 Qc7+ 28.Nf4 Nxd2 29.Qxd2 g5
30.Rg1 Kh8 31.Nxg5 hxg5 32.Rxg5 Rg6 33.Qf2 Kg7 34.Qg3 Qb6 35.h4 Rh8 36.Nxg6 fxg6
37.Qe5+ Qf6 38.Qc7+ Qf7 39.Qe5+ Kh7 40.h5 Qf2+ 41.Rg2 Qh4+ 42.Kg1 Qe1+ 43.Kh2 Qh4+  1/2-1/2

[Event "SVK-chT1W 9798"]
[Site "SVK"]
[Date "1998.??.??"]
[Round "?"]
[White "Surovcik, Eugen"]
[Black "Juhasz, Laszlo"]
[Result "0-1"]
[WhiteElo "1780"]
[BlackElo "1950"]

1.d4 Nf6 2.Bg5 e6 3.Nf3 Be7 4.e3 b6 5.Bd3 Bb7 6.Nbd2 d6 7.c3 Nbd7 8.Qe2 c5
9.O-O O-O 10.Rad1 Qc7 11.h3 Rfe8 12.Rfe1 a6 13.Rc1 e5 14.e4 b5 15.d5 c4 16.Bc2 Nb6
17.Be3 Nfd7 18.Ra1 Nc5 19.Nh2 Bc8 20.Kh1 Bd7 21.Reb1 Nba4 22.Bxa4 Nxa4 23.a3 f5
24.f3 f4 25.Bf2 Rf8 26.Kg1 h5 27.Kf1 Bd8 28.Ke1 Qa5 29.Kd1 Bb6 30.Kc2 Bxf2
31.Qxf2 Nc5 32.Qh4 Be8 33.g4 Qd8 34.Qf2 h4 35.Nhf1 g5 36.Qg1 Qa5 37.Qf2 Bd7
38.Nh2 Rfc8 39.Qe2 Rc7 40.Kd1 Qa4+ 41.Ke1 Nd3+ 42.Kf1 Qc2 43.Ra2 Nc1 44.Rxc1 Qxc1+
45.Kg2 Qc2 46.Nhf1 a5 47.Qf2 Rb8 48.Kg1 Kf7 49.Kh1 Ke7 50.Qg1 Qd1 51.Qf2 Rc5
52.Kg2 Qc2 53.Qe1 Rc7 54.Qa1 Qd3 55.Kf2 b4 56.axb4 axb4 57.Ra7 Rxa7 58.Qxa7 Rc8
59.cxb4 c3 60.bxc3 Rxc3 61.Qa8 Rc8 62.Qa1 Rc2 63.Qa8 Qd4+ 64.Kg2 Rxd2+ 65.Nxd2 Qxd2+
66.Kg1 Qe1+ 67.Kg2 Qg3+ 68.Kf1 Bb5+  0-1

[Event "SVE-chT 9798"]
[Site "Sweden"]
[Date "1998.??.??"]
[Round "7"]
[White "Svenn, Matti"]
[Black "Sjoberg, Mats"]
[Result "0-1"]
[WhiteElo "2150"]
[BlackElo "2410"]

1.d4 Nf6 2.Bg5 e6 3.e4 h6 4.Bxf6 Qxf6 5.Nc3 d6 6.Qd2 Nd7 7.f4 Qd8 8.Nf3 Be7
9.O-O-O a6 10.g4 c5 11.d5 e5 12.h4 Bf6 13.g5 hxg5 14.fxg5 Be7 15.Bh3 c4 16.Rdg1 Nc5
17.Bxc8 Rxc8 18.h5 Kd7 19.Qg2 g6 20.hxg6 fxg6 21.Rxh8 Qxh8 22.Rh1 Qf8 23.Qg4+ Kc7
24.Ne2 Qf7 25.Nd2 Rf8 26.Rf1 Qxf1+ 27.Nxf1 Bxg5+  0-1

[Event "Turnkey op"]
[Site "Turnkey"]
[Date "1998.??.??"]
[Round "2"]
[White "Hodgson, Julian M"]
[Black "Grant, Alan"]
[Result "1-0"]
[WhiteElo "2575"]
[BlackElo "2185"]

1.d4 Nf6 2.Bg5 e6 3.e4 h6 4.Bxf6 Qxf6 5.Nc3 Bb4 6.Qd2 d5 7.e5 Qd8 8.a3 Be7
9.f4 c5 10.dxc5 Bxc5 11.Nf3 Nc6 12.O-O-O a6 13.f5 b5 14.fxe6 fxe6 15.Qf4 Qb6
16.Re1 Ne7 17.Bd3 Bd7 18.Rhf1 Rf8 19.Qg4 O-O-O 20.Nd1 g5 21.b4 Rf4 22.Qh5 Ng8
23.g3 Be8 24.Bg6 Bxg6 25.Qxg6 Rc4 26.bxc5 Qxc5 27.Qd3  1-0

[Event "POL-chT2"]
[Site "Wisla"]
[Date "1998.??.??"]
[Round "?"]
[White "Gawronski, Lukasz"]
[Black "Goj, Artur"]
[Result "1/2-1/2"]
[WhiteElo "2130"]
[BlackElo "2350"]

1.d4 Nf6 2.Bg5 e6 3.e4 h6 4.Bxf6 Qxf6 5.e5 Qe7 6.c3 d5 7.f4 Qh4+ 8.g3 Qd8
9.Bd3 c5 10.Ne2 Nc6 11.Nd2 Bd7 12.Nf3 a6 13.O-O Qb6 14.Qd2 Na5 15.b3 Rc8
16.g4 cxd4 17.cxd4 Nc6 18.f5 Qa5 19.fxe6 Bxe6 20.Qxa5 Nxa5 21.g5 Be7 22.g6 Bg5
23.Nxg5 hxg5 24.gxf7+ Bxf7 25.Bf5 Rc6 26.Ng3 Ke7 27.Rad1 Be8 28.Bg4 g6 29.Bf3 Rc2
30.Rf2 Rxf2 31.Kxf2 Rxh2+ 32.Ke3 Bf7 33.Ne2 Nc6 34.Rg1 Nb4 35.Rc1 Kd8 36.a3 Nc6
37.Nc3 Ne7 38.Rh1 Rb2 39.b4 Rb3 40.Kd2 Rb2+ 41.Kd3 Be6 42.Rg1 Bf5+ 43.Ke3 Rb3
44.Kd2 g4  1/2-1/2

[Event "Untergrombach op"]
[Site "Untergrombach"]
[Date "1999.01.04"]
[Round "4"]
[White "Hauke, Christian"]
[Black "Ikonnikov, Vyacheslav"]
[Result "0-1"]
[WhiteElo "2225"]
[BlackElo "2555"]

1.d4 Nf6 2.Bg5 e6 3.e3 h6 4.Bxf6 Qxf6 5.f4 b6 6.Nc3 Bb7 7.Qd2 Bb4 8.O-O-O c5
9.Nge2 d5 10.g4 Nc6 11.a3 Ba5 12.h4 O-O-O 13.g5 Qe7 14.Bh3 Kb8 15.Kb1 g6
16.Qe1 Ba6 17.Qg3 Qc7 18.Bg4 Bxc3 19.Nxc3 cxd4 20.exd4 hxg5 21.hxg5 Rxh1
22.Rxh1 Nxd4 23.Rh7 Rd7 24.Rh8+ Kb7 25.Qe3 Nc6 26.Be2 Bxe2 27.Nxe2 e5 28.fxe5 Qxe5
29.Qh3 Rc7 30.Nc3 d4 31.Na2 Qxg5 32.Nb4 Nxb4 33.axb4 Qd5 34.Qg3 Qe4 35.Qb3 b5
36.Rf8 Qf5 37.Ka2 Qxc2 38.Qd5+ Qc6 39.Qd8 Qe6+ 40.Kb1 Rc8  0-1

[Event "Hamburg IM"]
[Site "Hamburg"]
[Date "1999.01.17"]
[Round "8"]
[White "Gustafsson, Jan"]
[Black "Wendt, Jan Dietrich"]
[Result "1-0"]
[WhiteElo "2410"]
[BlackElo "2295"]

1.d4 Nf6 2.Bg5 e6 3.e3 b6 4.Nd2 Bb7 5.c3 Be7 6.Ngf3 c5 7.Bd3 Nc6 8.O-O O-O
9.Re1 cxd4 10.exd4 Nd5 11.Bxe7 Ncxe7 12.Bf1 Rc8 13.a4 f5 14.Qb3 Nf6 15.a5 Ne4
16.axb6 axb6 17.Ba6 Nxd2 18.Nxd2 Qc7 19.Bxb7 Qxb7 20.Nf3 Kh8 21.c4 Ng6 22.d5 exd5
23.cxd5 Rce8 24.Rad1 h6 25.g3 Re4 26.Nd2 Rxe1+ 27.Rxe1 Qc7 28.Nf3 Qc5 29.Qd3 b5
30.h4 Ne7 31.Ne5 Qd6 32.Qxb5 Kh7 33.Qxd7 Qb4 34.Nd3  1-0

[Event "AUT-chT2M 9899"]
[Site "Austria"]
[Date "1999.01.23"]
[Round "6"]
[White "Steiner, Guenter"]
[Black "Schlingensiepen, Christian"]
[Result "1/2-1/2"]
[WhiteElo "2240"]
[BlackElo "2340"]

1.d4 Nf6 2.Bg5 e6 3.e3 c5 4.Nd2 b6 5.Ngf3 Bb7 6.Bd3 cxd4 7.exd4 Be7 8.O-O Nc6
9.Nc4 d6 10.c3 O-O 11.Re1 Nd5 12.Bd2 Bf6 13.Ne3 Nxe3 14.fxe3 d5 15.e4 dxe4
16.Bxe4 Na5 17.Bxb7 Nxb7 18.Bf4  1/2-1/2

[Event "Geneve op"]
[Site "Geneve"]
[Date "1999.01.27"]
[Round "5"]
[White "Bennett, John"]
[Black "Leib, Agripa"]
[Result "0-1"]
[WhiteElo "2132"]
[BlackElo "2210"]

1.d4 Nf6 2.Bg5 e6 3.Nf3 h6 4.Bh4 Be7 5.Nbd2 d5 6.Bxf6 Bxf6 7.e3 c5 8.c3 b6
9.Bd3 Nc6 10.O-O O-O 11.Qe2 g6 12.dxc5 bxc5 13.e4 Bg7 14.Rfe1 Rb8 15.Nf1 c4
16.Bc2 Rxb2 17.Rac1 Rxa2 18.e5 Bd7 19.h4 Qc7 20.h5 g5 21.Bh7+ Kxh7 22.Qxa2 Nxe5
23.Nxe5 Bxe5 24.Ra1 a5 25.Qa3 Kg7 26.Ne3 a4 27.Rab1 Rb8 28.Rxb8 Qxb8 29.Ng4 Bd6
30.Qc1 f5 31.Ne3 a3 32.Qd2 Kf6 33.Rd1 Qb5 34.g4 f4 35.Nc2 Qb2 36.Re1 Be5
37.Qd1 Bxc3 38.Re2 a2 39.f3 Ba4 40.Qa1 Bxc2  0-1

[Event "BL2-N9899"]
[Site "Germany"]
[Date "1999.01.31"]
[Round "5.8"]
[White "Newton, Robert"]
[Black "Zierke, Oliver"]
[Result "0-1"]
[WhiteElo "2110"]
[BlackElo "2270"]

1.d4 Nf6 2.Bg5 e6 3.Nc3 h6 4.Bxf6 Qxf6 5.e4 d6 6.Qd2 Nc6 7.d5 Ne7 8.O-O-O a6
9.Kb1 g5 10.g3 Ng6 11.Bd3 Bg7 12.Rf1 g4 13.f4 gxf3 14.Nxf3 Qe7 15.Rf2 Bd7
16.Rhf1 O-O-O 17.e5 Nxe5 18.Nxe5 Bxe5 19.Rxf7 Qg5 20.Qf2 Kb8 21.Ne4 Qg8 22.Bxa6 bxa6
23.dxe6 Bxe6 24.Rxc7 Kxc7 25.Qa7+ Kc6 26.Qxa6+ Kd7 27.Qb7+ Ke8 28.a4 Ba2+
29.Ka1 Bd5 30.Qb5+ Ke7 31.Nc3 Bc4 32.Qb7+ Rd7  0-1

[Event "BL2-W9899"]
[Site "Germany"]
[Date "1999.01.31"]
[Round "5.5"]
[White "Schirbel, Andreas"]
[Black "Illner, Achim"]
[Result "1/2-1/2"]
[WhiteElo "2305"]
[BlackElo "2320"]

1.d4 Nf6 2.Bg5 e6 3.e4 h6 4.Bxf6 Qxf6 5.Nc3 d6 6.Qd2 g5 7.O-O-O Bg7 8.e5 dxe5
9.dxe5 Qe7 10.f4 gxf4 11.Nf3 Bd7 12.Qxf4 Bc6 13.Bb5 Bxb5 14.Nxb5 a6 15.Nc3 Nd7
16.Qd4 O-O-O 17.Qa7 Qc5 18.Qxc5 Nxc5 19.Rde1 Nd7 20.Re4 Nb8 21.Rf4 Rhf8 22.Re1 Nc6
23.h3 Ne7 24.Rg4 Rg8 25.Rf4 Rgf8 26.Rfe4 h5 27.g4 hxg4 28.hxg4 Rh8 29.Kb1 Ng6
30.a3 Kd7  1/2-1/2